| 000 | 00714nam a2200253Ia 4500 | ||
|---|---|---|---|
| 003 | OSt | ||
| 005 | 20221006145208.0 | ||
| 006 | a|||||r|||| 00| 0 | ||
| 007 | ta | ||
| 008 | 221006b |||||||| |||| 00| 0 eng d | ||
| 020 |
_a1563240416 _c _20.95 |
||
| 024 | _a14,084 | ||
| 037 | _cTextual | ||
| 040 |
_aEASL _cEASL _beng |
||
| 041 |
_2eng _aeng |
||
| 082 | _aG:55.41.N92, N3 | ||
| 100 | _aSMIL Vaclav | ||
| 245 | 0 |
_aChina's environmental crisis _b An inquiry into the limits of national development |
|
| 260 |
_aArmonk _bM.E.Sharpe _c1993 |
||
| 300 |
_a257p. _ccm. |
||
| 650 | _aEconomic Development | ||
| 942 |
_hG:55.41.N92, N3 _cTEXL _2CC |
||
| 999 |
_c1082170 _d1082170 |
||